01598 2200241 4500001002100000005001500021035002000036007000300056008004100059020002200100082001100122084001800133100002500151245006400176250001100240260003600251300003100287650002100318650002300339520092300362856004701285990002401332INLIS00000000000550720250526104300 a0010-0525000066ta250526 0 ind  a978-602-433-050-1 a63-051 a63-051 BAH k0 aBAHUA, Mohamad Ikbal1 aKinerja Penyuluh Pertanian (e-books) /cMohamad Ikbal Bahua aCet. 1 aYogyakarta :bDeepublish,c2016 axv, 161 hal.: Ilus.; 21 cm 4aKinerja Penyuluh 4aPenyuluh Pertanian aIlmu Penyuluhan Pembangunan bertujuan untuk memberdayakan masyarakat agar mereka mampu meningkatkan kesejahteraan dan kualitas hidupnya. Salah satu upaya pemberdayaan masyarakat tersebut dapat dicapai melalui peningkatan kinerja penyuluh pertanian dalam membantu petani meningkatkan produktivitas usahatani. Buku ini memberikan informasi dalam menata sistem penyuluhan pertanian terutama yang berhubungan dengan kualitas manajemen sumberdaya manusia penyuluh pertanian yang terintegrasi pada perencanaan dan implementasi pembangunan pertanian secara berkelanjutan. Pembahasan buku ini dimulai dari pendahuluan, perkembangan penyuhan dan implikasinya di Indonesia, peran ilmu penyuluhan dalam pembangunan pertanian, perberdayaan masyarakat dalam penyuluhan, kinerja penyuh pertanian, faktor-faktor yang mempengaruhi kinerja penyuluh danindividu, serta hubungan faktor-faktor yang mempengaruhi kinerja penyuluh pertanian ahttps://kubuku.id/download/e-books-bppsdmp aE-4853/BPPSDMP/2024